Βασικές Έννοιες της Ιστορίας της Τέχνης / Το Πρόβλημα της Εξέλιξης του Στιλ στη Νεότερη Τέχνη (Record no. 4266)
[ view plain ]
| 000 -LEADER | |
|---|---|
| fixed length control field | 01125cam a22001934a 4500 |
| 005 - ΗΜΕΡΟΜΗΝΙΑ ΚΑΙ ΩΡΑ ΤΕΛΕΥΤΑΙΑΣ ΕΝΗΜΕΡΩΣΗΣ | |
| Πεδίο ελέγχου | 20250605164141.0 |
| 008 - FIXED-LENGTH DATA ELEMENTS--GENERAL INFORMATION | |
| Πεδίο ελέγχου σταθερού μήκους | 250528s ||||||||||||||||||||||||d |
| 035 ## - SYSTEM CONTROL NUMBER | |
| System control number | 18973 |
| 020 ## - ISBN | |
| ISBN | 9602606782 |
| 040 ## - ΠΗΓΗ ΚΑΤΑΛΟΓΟΓΡΑΦΗΣΗΣ | |
| Φορέας πρωτότυπης καταλογογράφησης | MC Athens Campus Library |
| Γλώσσα καταλογογράφησης | Ελληνικά, Μοντέρνα (1453-) |
| Modifying agency | MC Athens Campus Library |
| Κανόνες περιγραφικής καταλογογράφησης | AACR2 |
| 245 1# - ΤΙΤΛΟΣ ΚΑΙ ΔΗΛΩΣΗ ΥΠΕΥΘΥΝΟΤΗΤΑΣ | |
| Τίτλος | Βασικές Έννοιες της Ιστορίας της Τέχνης / Το Πρόβλημα της Εξέλιξης του Στιλ στη Νεότερη Τέχνη |
| 260 ## - PUBLICATION, DISTRIBUTION, ETC. | |
| Name of publisher, distributor, etc. | Παρατηρητής, |
| Date of publication, distribution, etc. | 1992 |
| 300 ## - PHYSICAL DESCRIPTION | |
| Extent | 304 |
| 520 ## - SUMMARY, ETC. | |
| Summary, etc. | Το παρόν βιβλίο γονιμοποίησε και καθόρισε την πορεία των πνευματικών επιστημών και κάθε ενδιαφέροντος για την τέχνη. Εισαγωγή, Γραμμικό και Ζωγραφικό, Επιφάνεια και Βάθος, Κλειστή και Ανοιχτή Φόρμα, Ενότητα και Πολλαπλότητα, Απόλυτη και Σχετική Σαφήνεια, Επίλογος, Ευρετήριο Εικόνων. |
| 700 1# - ΠΡΟΣΘΕΤΗ ΑΝΑΓΡΑΦΗ--ΦΥΣΙΚΟ ΠΡΟΣΩΠΟ | |
| Personal name | Wolfflin Heinrich |
| 9 (RLIN) | 5252 |
| 942 ## - ADDED ENTRY ELEMENTS (KOHA) | |
| Koha item type | Books |
| Τύπος τεκμηρίου | Βιβλιοθήκη | Τρέχουσα τοποθεσία | Barcode | Αριθμός εισαγωγής | Ημερομηνία απόκτησης | Ταξιθετικό σύμβολο | Αριθμός αντιτύπου | Κατάσταση απόσυρσης | Κατάσταση χαμένου | Κατάσταση κατεστραμμένου | Μη δανεισμός | Σύνολο δανεισμών | Ημερομηνία τελευταίας εμφάνισης | Η τιμή ισχύει από |
|---|---|---|---|---|---|---|---|---|---|---|---|---|---|---|
| Books | MC Athens Campus Library | MC Athens Campus Library | 9780000042651 | 3905 | 05/06/2025 | 709 WOL | 1 | 05/06/2025 | 05/06/2025 |